| 000 | 00652nam a22002417a 4500 | ||
|---|---|---|---|
| 005 | 20180803173743.0 | ||
| 008 | 180207b xxu||||| |||| 00| 0 spa d | ||
| 041 | _aspa | ||
| 082 | _a617.695 S643u | ||
| 100 |
_aSmith, Bernard G.N _948917 |
||
| 245 | _aUtilización clínica de los materiales dentales | ||
| 260 | _aEspaña | ||
| 260 | _bMASSON | ||
| 260 | _c1996 | ||
| 300 | _a314 páginas | ||
| 650 |
_aMATERIALES DENTALES _93183 |
||
| 650 |
_aPROCEDIMIENTOS CLÍNICOS _926684 |
||
| 650 |
_aENDODONCIA _9336 |
||
| 650 |
_aRESTAURACIONES INDIRECTAS _948918 |
||
| 650 |
_aPERIODONCIA _99755 |
||
| 650 |
_aCIRUGÍA ORAL _948919 |
||
| 942 | _cBK | ||
| 999 |
_c10962 _d10962 |
||